[Event "FIDE TURNIR 2013"]
[Site "Ljubljana"]
[Date "2013.04.03"]
[Round "1.1"]
[White "Kamensek, Ivan"]
[Black "Sajn, Simon"]
[Result "1/2-1/2"]
[WhiteElo "1725"]
[BlackElo "2045"]
[PlyCount "106"]
[EventDate "2013.04.03"]

1. d4 g6 2. c4 Bg7 3. Nc3 d6 4. e4 Nc6 5. Be3 e5 6. d5 Nd4 7. Nge2 Nxe2 8. Bxe2
f5 9. exf5 Bxf5 10. f3 Bh6 11. Qd2 Qh4+ 12. g3 Bxe3 13. Qxe3 Qh6 14. Qxh6 Nxh6
15. h4 O-O-O 16. g4 Bd7 17. Ne4 Nf7 18. Kd2 c5 19. a3 h6 20. Rhb1 Kc7 21. b4 b6
22. a4 a5 23. bxa5 bxa5 24. Nc3 Rb8 25. Nb5+ Bxb5 26. axb5 Kb6 27. Rf1 Rbf8 28.
f4 exf4 29. Rxf4 Ne5 30. Raf1 Rd8 31. Rf6 Rh7 32. h5 g5 33. R1f5 Kc7 34. Re6
Nd7 35. Bd3 Rhh8 36. Rf7 Rdf8 37. Rxf8 Rxf8 38. Rxh6 a4 39. Bf5 Ne5 40. Kc3 Ra8
41. b6+ Kxb6 42. Rxd6+ Kc7 43. Re6 a3 44. Bb1 Nxg4 45. Rc6+ Kd8 46. Ba2 Ra5 47.
h6 Ra7 48. Rxc5 Nxh6 49. d6 Rg7 50. Ra5 Nf7 51. c5 Nxd6 52. cxd6 Rg6 53. Rxa3
Rxd6 1/2-1/2

[Event "FIDE TURNIR 2013"]
[Site "Ljubljana"]
[Date "2013.04.03"]
[Round "1.2"]
[White "Suljanovic, Zuhdija"]
[Black "Korosec, Stefan"]
[Result "0-1"]
[WhiteElo "2000"]
[BlackElo "1727"]
[PlyCount "120"]
[EventDate "2013.04.03"]

1. e4 e5 2. Nf3 Nc6 3. Bc4 Bc5 4. b4 Bxb4 5. c3 Ba5 6. d4 exd4 7. Qb3 Qe7 8.
O-O Bxc3 9. Nxc3 dxc3 10. Ba3 Qf6 11. e5 Qg6 12. Qxc3 Nge7 13. Bd3 Qh5 14. Bxe7
Kxe7 15. Qc5+ Kd8 16. Be4 Qg4 17. Rad1 Qxe4 18. Rfe1 Qb4 19. Qd5 Qe7 20. e6 d6
21. exf7 Qf6 22. Re3 Bd7 23. Rde1 h6 24. Nd2 Rf8 25. Rf3 Qd4 26. Qh5 Qxd2 27.
Rfe3 Ne5 28. Qh4+ Kc8 29. f4 Qd4 30. Kh1 Nxf7 31. Re4 Qf6 32. Qf2 Ne5 33. Qe3
Nc6 34. h3 b6 35. Kh2 Kb7 36. a4 Rae8 37. Qf3 Rxe4 38. Rxe4 g5 39. a5 Re8 40.
Ra4 gxf4 41. axb6 cxb6 42. Rxf4 Qe5 43. Kh1 Qe3 44. Rf7 Qxf3 45. gxf3 Kc8 46.
Rf6 Re6 47. Rf7 Kc7 48. Kg2 Ne5 49. Rh7 Rg6+ 50. Kf2 Rf6 51. f4 Rxf4+ 52. Kg3
Rf3+ 53. Kg2 Kc6 54. h4 Rf6 55. h5 a5 56. Rg7 a4 57. Rg3 b5 58. Rc3+ Nc4 59.
Kg3 Be8 60. Kh4 a3 0-1

[Event "FIDE TURNIR 2013"]
[Site "Ljubljana"]
[Date "2013.04.03"]
[Round "1.3"]
[White "Bogataj, Tomaz"]
[Black "Bratkovic, Sham"]
[Result "0-1"]
[WhiteElo "1723"]
[BlackElo "1956"]
[PlyCount "100"]
[EventDate "2013.04.03"]

1. d4 d5 2. e3 c6 3. Nf3 Nf6 4. c4 e6 5. Nc3 Nbd7 6. Bd3 dxc4 7. Bxc4 b5 8. Bd3
Bb7 9. O-O a6 10. a3 c5 11. dxc5 Nxc5 12. Be2 Be7 13. Ne1 O-O 14. f3 Qxd1 15.
Bxd1 Rfd8 16. Bc2 Nd5 17. Nxd5 Bxd5 18. e4 Bc4 19. Rf2 Bf6 20. Kh1 Rac8 21. Rb1
Ba2 22. Ra1 Bb3 23. Be3 Bxb2 24. Rb1 Bxc2 25. Nxc2 Bf6 26. h3 h6 27. Nb4 Nd3
28. Ra2 a5 29. Nxd3 Rxd3 30. Bd2 Be5 31. Bxa5 Ra8 32. Bb4 Rad8 33. Re2 Bg3 34.
Bc5 Rd1+ 35. Rxd1 Rxd1+ 36. Bg1 Kf8 37. Rb2 Ke7 38. Rc2 Kd7 39. Rb2 Kc6 40.
Rc2+ Kb7 41. Ra2 Ka6 42. Rc2 Ka5 43. f4 Bxf4 44. g4 Be3 45. Rg2 Bxg1 46. Rxg1
Rxg1+ 47. Kxg1 Ka4 48. e5 Kxa3 49. h4 b4 50. Kf2 b3 0-1

[Event "FIDE TURNIR 2013"]
[Site "Ljubljana"]
[Date "2013.04.03"]
[Round "1.4"]
[White "Bratkovic, Jakob"]
[Black "Markosek, Maj"]
[Result "1-0"]
[WhiteElo "1949"]
[BlackElo "1656"]
[PlyCount "125"]
[EventDate "2013.04.03"]

1. e4 c6 2. d4 d5 3. Nc3 dxe4 4. Nxe4 Nd7 5. Nf3 Ngf6 6. Ng3 Qc7 7. Bd3 e6 8.
O-O Be7 9. c3 b6 10. Qb3 Bb7 11. Re1 h6 12. Bd2 O-O 13. c4 Bd6 14. Qc3 Bf4 15.
Bxf4 Qxf4 16. Ne5 c5 17. Nxd7 Nxd7 18. dxc5 Nxc5 19. Qxg7+ Kxg7 20. Nh5+ Kh8
21. Nxf4 Rad8 22. Bf1 Rd4 23. Nh5 Rfd8 24. Re3 Ne4 25. Ra3 a5 26. Ng3 Nd2 27.
Rc3 f5 28. Rac1 Ba6 29. b3 Rg8 30. Rd3 Rxd3 31. Bxd3 f4 32. Nh5 Nf3+ 33. Kh1
Ne5 34. Nxf4 Bb7 35. Bf1 Rf8 36. Re1 Rxf4 37. Rxe5 Rxf2 38. Kg1 Rxa2 39. Rxe6
a4 40. Re8+ Kg7 41. Re7+ Kf8 42. Rxb7 axb3 43. Rxb6 b2 44. c5 Ke8 45. c6 Kd8
46. Rb7 Kc8 47. g3 Kd8 48. c7+ Kc8 49. Bh3+ Kxb7 50. c8=Q+ Ka7 51. Qc7+ Ka6 52.
Qc4+ Kb6 53. Qxa2 b1=N 54. Qxb1+ Kc5 55. Qd3 h5 56. g4 h4 57. g5 Kb6 58. Qc4
Ka7 59. Qb5 Ka8 60. g6 Ka7 61. g7 Ka8 62. g8=Q+ Ka7 63. Qa2# 1-0

[Event "FIDE TURNIR 2013"]
[Site "Ljubljana"]
[Date "2013.04.03"]
[Round "1.5"]
[White "Subelj, Jan"]
[Black "Vidic, Teja"]
[Result "0-1"]
[WhiteElo "1503"]
[BlackElo "1894"]
[PlyCount "58"]
[EventDate "2013.04.03"]

1. e4 e5 2. Nf3 Nc6 3. Bc4 Nf6 4. Nc3 Nxe4 5. Nxe4 d5 6. Bd3 dxe4 7. Bxe4 Bd6
8. O-O O-O 9. d3 h6 10. Re1 Ne7 11. d4 f5 12. dxe5 Bb4 13. Bd3 Bxe1 14. Qxe1
Be6 15. Bf4 Nd5 16. Bd2 c5 17. Rd1 Qe7 18. Bc3 Rad8 19. Bf1 Nxc3 20. Rxd8 Rxd8
21. Qxc3 Rd1 22. a3 Bd5 23. Nd2 Qg5 24. Nf3 Qc1 25. h4 Rxf1+ 26. Kh2 Qf4+ 27.
g3 Qxf3 28. Qxf3 Bxf3 29. e6 Rh1# 0-1

[Event "FIDE TURNIR 2013"]
[Site "Ljubljana"]
[Date "2013.04.03"]
[Round "1.6"]
[White "Hrescak, Ivana"]
[Black "Novak, Anze"]
[Result "0-1"]
[WhiteElo "1786"]
[BlackElo "1500"]
[PlyCount "111"]
[EventDate "2013.04.03"]

1. d4 Nf6 2. c4 e5 3. dxe5 Ng4 4. Nf3 Nc6 5. Bf4 Bb4+ 6. Nbd2 Qe7 7. a3 Bxd2+
8. Qxd2 Ngxe5 9. Nxe5 Nxe5 10. Qc3 d6 11. O-O-O O-O 12. f3 Re8 13. g4 Ng6 14.
Bg3 Qe3+ 15. Qxe3 Rxe3 16. h4 b6 17. h5 Nf8 18. Bf2 Re7 19. e4 Bb7 20. Bg2 Nd7
21. Bg3 Ne5 22. Bxe5 dxe5 23. Rd2 Kf8 24. Rhd1 Bc6 25. Kc2 Ke8 26. Kc3 a5 27.
g5 Rd7 28. Bh3 Rxd2 29. Rxd2 Rd8 30. Rxd8+ Kxd8 31. b4 axb4+ 32. axb4 Ke7 33.
Kd3 f6 34. gxf6+ Kxf6 35. Bf5 Be8 36. Bxh7 Bxh5 37. Ke3 Bf7 38. Bf5 Bxc4 39. f4
c5 40. bxc5 bxc5 41. fxe5+ Kxe5 42. Bg6 Bb5 43. Bf5 c4 44. Bg6 c3 45. Bh7 c2
46. Kd2 Bc6 47. Kxc2 Bxe4+ 48. Bxe4 Kxe4 49. Kd2 Kf3 50. Ke1 Kg2 51. Ke2 g5 52.
Ke3 g4 53. Ke2 g3 54. Ke1 Kh2 55. Kf1 g2+ 56. Kf2 0-1

[Event "FIDE TURNIR 2013"]
[Site "Ljubljana"]
[Date "2013.04.03"]
[Round "1.7"]
[White "Kovacic, Marko"]
[Black "Drobnic, Milan"]
[Result "0-1"]
[WhiteElo "1612"]
[BlackElo "1789"]
[PlyCount "98"]
[EventDate "2013.04.03"]

1. e4 d6 2. Nc3 Nf6 3. h3 Nbd7 4. d4 e5 5. Be3 Be7 6. d5 c6 7. dxc6 bxc6 8. Nf3
Bb7 9. Bc4 Qa5 10. Bd2 Qc7 11. Bb3 Ba6 12. Be3 O-O 13. Qd2 Nb6 14. O-O-O Nc4
15. Qe2 Nxe3 16. Qxe3 Qb6 17. Qe1 Nd7 18. Na4 Qb7 19. h4 Bb5 20. Nc3 Nc5 21.
Nd2 a5 22. Bc4 Bxc4 23. Nxc4 Rfd8 24. a3 Rab8 25. Qd2 Ne6 26. b3 Nd4 27. Nxa5
Qa6 28. b4 d5 29. Qe3 Qa8 30. exd5 cxd5 31. Nb1 Rbc8 32. Rd2 Ne6 33. f3 Nf4 34.
Qb3 d4 35. g3 Nd5 36. Nc4 Bf6 37. Re1 Qb8 38. Rde2 Qc7 39. Nbd2 Nc3 40. Rg2 h6
41. Na5 d3 42. Nac4 Ne2+ 43. Kb1 e4 44. Nxe4 dxc2+ 45. Qxc2 Rd2 46. Qxd2 Qxc4
47. Rexe2 Qb3+ 48. Qb2 Bxb2 49. Rxb2 Qxa3 0-1

[Event "FIDE TURNIR 2013"]
[Site "Ljubljana"]
[Date "2013.04.03"]
[Round "1.8"]
[White "Milicevic, David"]
[Black "Drobnic, Simona"]
[Result "1-0"]
[WhiteElo "1660"]
[BlackElo "1347"]
[PlyCount "51"]
[EventDate "2013.04.03"]

1. d4 d6 2. Bf4 Nf6 3. Nf3 Bg4 4. e3 Nc6 5. Be2 g6 6. h3 Bf5 7. c3 Bg7 8. Bd3
Bxd3 9. Qxd3 O-O 10. O-O Re8 11. Nbd2 e5 12. dxe5 dxe5 13. Qxd8 Raxd8 14. Bg3
e4 15. Nd4 Nxd4 16. cxd4 c5 17. Nb3 cxd4 18. exd4 Nh5 19. Bh4 Rd5 20. Rad1 e3
21. Rfe1 exf2+ 22. Bxf2 Rxe1+ 23. Rxe1 Nf4 24. Re8+ Bf8 25. Be3 Nd3 26. Bh6 1-0

[Event "FIDE TURNIR 2013"]
[Site "Ljubljana"]
[Date "2013.04.03"]
[Round "1.9"]
[White "Cerne, Peter"]
[Black "Krejic, Nik"]
[Result "1-0"]
[WhiteElo "1417"]
[BlackElo "1603"]
[PlyCount "56"]
[EventDate "2013.04.03"]

1. e4 e5 2. Nf3 Nc6 3. Bb5 Nf6 4. O-O Bc5 5. c3 d6 6. d4 exd4 7. cxd4 Bb4 8. a3
Ba5 9. d5 a6 10. dxc6 axb5 11. e5 Ne4 12. Qd5 Nc5 13. Bg5 Be6 14. Qd1 f6 15.
exf6 gxf6 16. Nd4 fxg5 17. b4 Bxb4 18. axb4 Rxa1 19. bxc5 Bd5 20. Qh5+ Kf8 21.
Qh6+ Kf7 22. Qh5+ Kg8 23. Nf5 Bf7 24. Nh6+ Kg7 25. Nxf7 Qf6 26. Nxh8 Kxh8 27.
cxb7 Qd8 28. Qf7 Qb8 1-0

[Event "FIDE TURNIR 2013"]
[Site "Ljubljana"]
[Date "2013.04.03"]
[Round "1.10"]
[White "Pridigar, Lovro"]
[Black "Marn, Jan"]
[Result "1-0"]
[WhiteElo "1558"]
[BlackElo "1384"]
[PlyCount "99"]
[EventDate "2013.04.03"]

1. d4 d5 2. c4 e6 3. Nc3 Nf6 4. Bg5 Be7 5. e3 O-O 6. Nf3 Nbd7 7. Rc1 c5 8. Bd3
dxc4 9. Bxc4 cxd4 10. Nxd4 b6 11. Nc6 Qe8 12. Nb5 Nc5 13. Qf3 Bb7 14. Nxe7+
Qxe7 15. Bxf6 Qxf6 16. Qxf6 gxf6 17. b4 Ne4 18. f3 a6 19. Nc7 Rad8 20. fxe4 b5
21. Bb3 Rd6 22. Ke2 Rc8 23. Rc3 Bxe4 24. Nxb5 Rxc3 25. Nxd6 Bc2 26. Rc1 Bd3+
27. Kd2 Rxc1 28. Kxc1 Kg7 29. Bc4 Bxc4 30. Nxc4 Kg6 31. a4 Kf5 32. b5 axb5 33.
axb5 Ke4 34. b6 Kd5 35. b7 Kxc4 36. b8=Q Kd3 37. Qb3+ Ke4 38. Kd2 f5 39. Qb6 f4
40. Qd4+ Kf5 41. Qxf4+ Kg6 42. h4 Kg7 43. Kd3 h6 44. Kc4 f5 45. Kc5 Kg6 46. Kd6
h5 47. Kxe6 Kg7 48. Qg5+ Kf8 49. Qg6 f4 50. Qf7# 1-0

[Event "FIDE TURNIR 2013"]
[Site "Ljubljana"]
[Date "2013.04.03"]
[Round "1.11"]
[White "Susa, Maks"]
[Black "Jelen, Miha"]
[Result "0-1"]
[WhiteElo "1376"]
[BlackElo "1544"]
[PlyCount "64"]
[EventDate "2013.04.03"]

1. e4 e5 2. Nf3 Nc6 3. Nc3 Nf6 4. d4 exd4 5. Nxd4 Bb4 6. Nxc6 bxc6 7. Bd3 d5 8.
exd5 cxd5 9. O-O O-O 10. Bg5 c6 11. Qf3 Re8 12. Bxf6 Qxf6 13. Qxf6 gxf6 14. a3
Bd6 15. Rae1 Be6 16. f4 Bc5+ 17. Kh1 Rab8 18. Na4 Bd6 19. b4 Bd7 20. g3 Kg7 21.
Rd1 Bg4 22. Rde1 Bh3 23. Rg1 Bg4 24. Rgf1 Rbc8 25. Ba6 Rxe1 26. Rxe1 Rc7 27.
Re8 c5 28. Rd8 Be7 29. Rb8 cxb4 30. Bb7 Bf3+ 31. Kg1 bxa3 32. Nb2 a2 0-1

[Event "FIDE TURNIR 2013"]
[Site "Ljubljana"]
[Date "2013.04.03"]
[Round "1.12"]
[White "Trplan, Filip"]
[Black "Sketa, Mark"]
[Result "0-1"]
[WhiteElo "1324"]
[BlackElo "1501"]
[PlyCount "62"]
[EventDate "2013.04.03"]

1. e4 c5 2. Nc3 Nc6 3. f4 e6 4. Nf3 g6 5. Be2 Bg7 6. O-O Nge7 7. d3 O-O 8. Be3
b6 9. Nh4 d5 10. Bd2 Nd4 11. Be3 Nxe2+ 12. Nxe2 Bxb2 13. Rb1 Bg7 14. Ng3 Nc6
15. f5 Qxh4 16. Qd2 Qe7 17. Bh6 Bd4+ 18. Be3 exf5 19. Nxf5 gxf5 20. Bxd4 cxd4
21. exd5 Nd8 22. Rbe1 Qd6 23. Rf3 Kh8 24. Qg5 Rg8 25. Qxg8+ Kxg8 26. Re8+ Kg7
27. Rg3+ Kf6 28. Rh3 Qxd5 29. Rh6+ Kg7 30. Rh3 f4 31. Rh4 Qg5 0-1

[Event "FIDE TURNIR 2013"]
[Site "Ljubljana"]
[Date "2013.04.03"]
[Round "1.13"]
[White "Malkoc, Tilen"]
[Black "Trcek, Alojzij"]
[Result "0-1"]
[WhiteElo "1337"]
[BlackElo "1628"]
[PlyCount "62"]
[EventDate "2013.04.03"]

1. e4 c5 2. Nf3 Nc6 3. d4 cxd4 4. Bc4 e6 5. Nxd4 Be7 6. Nc3 Bf6 7. Ndb5 Be7 8.
Bf4 d6 9. Bxd6 Bxd6 10. Qxd6 Qxd6 11. Nxd6+ Ke7 12. Nxc8+ Rxc8 13. O-O-O Nf6
14. f4 Ng4 15. Rd2 Rhd8 16. h3 Rxd2 17. Kxd2 Rd8+ 18. Bd3 Nf2 19. a3 Nxh1 20.
Ke3 Ng3 21. Kf3 Nh5 22. e5 g5 23. fxg5 Nxe5+ 24. Ke3 Nxd3 25. cxd3 Ng3 26. Nb5
Nf5+ 27. Ke4 a6 28. g4 Ng3+ 29. Kf4 Rxd3 30. Nc3 Kd6 31. h4 e5# 0-1

[Event "FIDE TURNIR 2013"]
[Site "Ljubljana"]
[Date "2013.04.03"]
[Round "1.15"]
[White "Drobnic, Rok"]
[Black "Piciga, Aleksander"]
[Result "0-1"]
[WhiteElo "1235"]
[BlackElo "1368"]
[PlyCount "34"]
[EventDate "2013.04.03"]

1. e4 e6 2. f4 d5 3. e5 c5 4. Nf3 Nc6 5. d4 Qb6 6. c3 Nge7 7. b3 cxd4 8. Nxd4
Nxd4 9. Qxd4 Qc6 10. a4 a6 11. Be3 Nf5 12. Qd2 Bd7 13. Bd3 Nxe3 14. Qxe3 Be7
15. Nd2 O-O 16. Ke2 Qxc3 17. Rhc1 Qa5 0-1

[Event "FIDE TURNIR 2013"]
[Site "Ljubljana"]
[Date "2013.04.03"]
[Round "1.15"]
[White "Ocepek, Jan"]
[Black "Siraj, Anej"]
[Result "1-0"]
[WhiteElo "1500"]
[BlackElo "1460"]
[PlyCount "51"]
[EventDate "2013.04.03"]

1. e4 e5 2. Nf3 Nc6 3. Bb5 Bc5 4. c3 a6 5. Bxc6 dxc6 6. d4 exd4 7. cxd4 Bb4+ 8.
Nc3 Nf6 9. O-O O-O 10. Re1 Bg4 11. h3 Bh5 12. a3 Bxc3 13. bxc3 Re8 14. Bg5 h6
15. Bh4 g5 16. Bg3 Nxe4 17. Qd3 Bg6 18. Qc4 Nd6 19. Qb3 Qc8 20. Rxe8+ Qxe8 21.
Re1 Qd7 22. Ne5 Qe7 23. Re3 Qd8 24. Nxg6 Nf5 25. Rf3 Nxg3 26. Qxf7# 1-0

[Event "FIDE TURNIR 2013"]
[Site "Ljubljana"]
[Date "2013.04.23"]
[Round "1.16"]
[White "Novakovic, Gosto"]
[Black "Unuk, Laura"]
[Result "0-1"]
[WhiteElo "1819"]
[BlackElo "2008"]
[PlyCount "164"]
[EventDate "2013.04.16"]

1. e4 d6 2. d4 Nf6 3. Nc3 g6 4. Nf3 Bg7 5. Bd3 O-O 6. O-O c6 7. h3 Qc7 8. Bf4
Nfd7 9. Ne2 e5 10. Be3 h6 11. c3 Re8 12. Qd2 Kh7 13. Nh2 Nf6 14. f3 b6 15. Ng4
Ng8 16. Rad1 Be6 17. d5 cxd5 18. exd5 Bc8 19. Nf2 f5 20. Qc2 Ne7 21. Rfe1 Nxd5
22. Bc1 Ne7 23. Ng3 Nd7 24. Qa4 Rf8 25. Qa3 Nc5 26. Bb1 d5 27. b4 Ne6 28. b5
Nc5 29. Qb4 f4 30. Ne2 Bf5 31. Bxf5 Rxf5 32. Bb2 Rd8 33. a4 Rf7 34. Ba3 Nf5 35.
Rd2 Bf8 36. Qb1 Ne3 37. Bxc5 Bxc5 38. Nc1 Rf5 39. Kh1 Nc4 40. Rde2 Bxf2 41.
Rxf2 Qe7 42. Nd3 Qf6 43. Nb4 Qh4 44. Rfe2 Ne3 45. Nc6 Rd7 46. Qa1 Rg5 47. Rg1
e4 48. Nd4 Rg3 49. Qe1 Nxg2 50. Qxg3 fxg3 51. Kxg2 exf3+ 52. Nxf3 Qxa4 53. Nd4
Qc4 54. Re3 Rf7 55. Rxg3 Qa2+ 56. Kh1 Rf2 57. Nf3 Qe2 58. Re1 Rh2+ 59. Nxh2
Qxe1+ 60. Kg2 Qe2+ 61. Kg1 Qxb5 62. Ng4 Kg7 63. h4 a5 64. Ne5 Qc5+ 65. Kg2 Qd6
66. Nf3 a4 67. Nd4 Qe5 68. Kf2 a3 69. Re3 Qf4+ 70. Rf3 Qxh4+ 71. Kf1 Qe7 72.
Rf2 h5 73. Re2 Qf6+ 74. Rf2 a2 75. Nc2 Qxc3 76. Kg2 a1=Q 77. Nxa1 Qxa1 78. Kf3
Qf6+ 79. Ke2 Qxf2+ 80. Kd3 Qf3+ 81. Kd4 Qe4+ 82. Kc3 Qc4+ 0-1

[Event "FIDE TURNIR 2013"]
[Site "Ljubljana"]
[Date "2013.04.16"]
[Round "1.17"]
[White "Sivcevic, Nusret"]
[Black "Cop, Jaka"]
[Result "1-0"]
[WhiteElo "1840"]
[BlackElo "1703"]
[PlyCount "127"]
[EventDate "2013.04.16"]

1. f3 e5 2. e4 Bc5 3. Bc4 Bxg1 4. Rxg1 Qh4+ 5. Kf1 Qxh2 6. d4 d6 7. Nc3 Be6 8.
d5 Bd7 9. Be3 h5 10. Qd2 Nf6 11. Qf2 h4 12. Bg5 Nh5 13. Bxh4 f6 14. g4 Qh3+ 15.
Ke1 Nf4 16. Bg3 Qh6 17. Bxf4 Qxf4 18. Ke2 Rh2 19. Rg2 Rh3 20. a4 Ke7 21. Nd1
Na6 22. Bxa6 bxa6 23. Ne3 Rah8 24. b3 Rh2 25. Rag1 Rxg2 26. Nxg2 Qh2 27. Qxa7
g6 28. Qf2 f5 29. gxf5 gxf5 30. Ne3 Qxf2+ 31. Kxf2 Rh2+ 32. Rg2 Rxg2+ 33. Nxg2
f4 34. Ne1 Kd8 35. a5 Kc8 36. Nd3 Kb7 37. c4 Ka7 38. c5 Bb5 39. cxd6 cxd6 40.
Nb2 Kb7 41. Nc4 Kc7 42. Kg2 Bd7 43. Nb6 Bb5 44. Kh3 Bf1+ 45. Kg4 Bg2 46. Nc4
Bh1 47. Nd2 Bg2 48. Kg5 Bh1 49. Kf6 Bg2 50. Ke7 Bh1 51. b4 Bg2 52. b5 axb5 53.
a6 b4 54. a7 Kb7 55. Kxd6 b3 56. a8=Q+ Kxa8 57. Kxe5 b2 58. Kxf4 Kb8 59. Ke3
Kc7 60. e5 Bh3 61. Ke4 Kd7 62. e6+ Kd6 63. Nc4+ Ke7 64. Nxb2 1-0

[Event "FIDE TURNIR 2013"]
[Site "Ljubljana"]
[Date "2013.04.23"]
[Round "1.18"]
[White "More, Erlend"]
[Black "Bojko, Filip"]
[Result "1-0"]
[WhiteElo "1646"]
[BlackElo "1509"]
[PlyCount "61"]
[EventDate "2013.04.16"]

1. d4 d5 2. c4 c6 3. Nf3 Nf6 4. Bg5 Bf5 5. Nc3 Nbd7 6. cxd5 cxd5 7. e3 a6 8.
Qb3 Nb6 9. Be2 Rc8 10. O-O h6 11. Bf4 g5 12. Be5 Rg8 13. Rac1 Ng4 14. h3 Nxe5
15. Nxe5 f6 16. Bh5+ Bg6 17. Bxg6+ Rxg6 18. Nxg6 Bg7 19. Nxd5 Rxc1 20. Nxb6
Rxf1+ 21. Kxf1 Bf8 22. Qe6 Qd6 23. Qxd6 exd6 24. Nxf8 Kxf8 25. Ke2 Kf7 26. Kd3
Ke6 27. Kc4 f5 28. g3 h5 29. h4 gxh4 30. gxh4 f4 31. e4 1-0

[Event "FIDE TURNIR 2013"]
[Site "Ljubljana"]
[Date "2013.04.16"]
[Round "1.19"]
[White "Unuk, Jan"]
[Black "Straze, Matija"]
[Result "1/2-1/2"]
[WhiteElo "1573"]
[BlackElo "1588"]
[PlyCount "55"]
[EventDate "2013.04.16"]

1. d4 d6 2. c4 Nf6 3. Nf3 g6 4. Nc3 Bg7 5. e4 O-O 6. Bd3 c6 7. O-O Qc7 8. Bf4
Nbd7 9. Bg3 e5 10. d5 c5 11. Nb5 Qb6 12. a4 Nb8 13. Nxe5 dxe5 14. Bxe5 Nbd7 15.
a5 Qd8 16. Bd6 a6 17. Bxf8 Kxf8 18. Nc3 Ne5 19. f4 Bg4 20. Be2 Nxc4 21. Bxg4
Ne3 22. Qe2 Nfxg4 23. Rf3 Bd4 24. Kh1 Qh4 25. g3 Qh3 26. Rb1 h5 27. e5 Kg7 28.
Ne4 1/2-1/2

[Event "FIDE TURNIR 2013"]
[Site "Ljubljana"]
[Date "2013.04.16"]
[Round "1.20"]
[White "Straze, Jurij"]
[Black "Unuk, Robert"]
[Result "0-1"]
[WhiteElo "1353"]
[BlackElo "1458"]
[PlyCount "68"]
[EventDate "2013.04.16"]

1. e4 c5 2. c4 Nc6 3. Nf3 g6 4. d4 cxd4 5. Nxd4 Bg7 6. Nxc6 bxc6 7. Be2 Nf6 8.
Nc3 d6 9. Bf3 Qa5 10. e5 Qxe5+ 11. Be3 Bb7 12. Qa4 O-O 13. Bxc6 Bxc6 14. Qxc6
Ng4 15. Qd5 Nxe3 16. Qxe5 Bxe5 17. fxe3 Rac8 18. Nd5 Rfe8 19. Rb1 Rxc4 20. Kd2
e6 21. b3 Rc5 22. Nb4 Bc3+ 23. Kd3 Bxb4 24. Rbc1 Rec8 25. Rc4 Rd5+ 26. Rd4 Rc3+
27. Ke4 f5+ 28. Kf4 e5+ 29. Kg5 exd4 30. exd4 Rxd4 31. Re1 Rg3+ 32. hxg3 Bxe1
33. g4 Kg7 34. g3 Rxg4# 0-1

[Event "FIDE TURNIR 2013"]
[Site "Ljubljana"]
[Date "2013.04.17"]
[Round "2.1"]
[White "Bratkovic, Sham"]
[Black "Sivcevic, Nusret"]
[Result "1-0"]
[WhiteElo "1956"]
[BlackElo "1840"]
[PlyCount "55"]
[EventDate "2013.04.17"]

1. e4 e6 2. d4 b6 3. Bd3 Bb7 4. Nf3 c5 5. c3 Qc7 6. O-O c4 7. Bc2 h6 8. Nbd2
Be7 9. Qe2 b5 10. e5 d5 11. exd6 Bxd6 12. Ne4 Nf6 13. Nxd6+ Qxd6 14. Ne5 Qd5
15. f4 Nbd7 16. f5 Nxe5 17. dxe5 Nd7 18. fxe6 Qxe6 19. Bf5 Qe7 20. e6 Kf8 21.
Be3 Nc5 22. exf7 Bd5 23. Qf2 Nb7 24. Rae1 Nd6 25. Bc5 Qc7 26. Bg6 Bc6 27. Re8+
Bxe8 28. fxe8=Q# 1-0

[Event "FIDE TURNIR 2013"]
[Site "Ljubljana"]
[Date "2013.04.17"]
[Round "2.2"]
[White "Korosec, Stefan"]
[Black "Bratkovic, Jakob"]
[Result "0-1"]
[WhiteElo "1727"]
[BlackElo "1949"]
[PlyCount "52"]
[EventDate "2013.04.17"]

1. e4 c5 2. Nf3 Nc6 3. d4 cxd4 4. Nxd4 e5 5. Nb5 d6 6. N1c3 a6 7. Na3 Be7 8.
Nd5 Nf6 9. Be3 Nxd5 10. exd5 Nb8 11. c3 Nd7 12. Nc2 O-O 13. Be2 f5 14. O-O f4
15. Bd2 Nf6 16. c4 g5 17. f3 Bf5 18. Kh1 h5 19. g3 fxg3 20. Bxg5 Bh3 21. Re1
g2+ 22. Kg1 Nh7 23. Bxe7 Qxe7 24. Qd2 Ng5 25. Ne3 Qg7 26. Qd3 Bf5 0-1

[Event "FIDE TURNIR 2013"]
[Site "Ljubljana"]
[Date "2013.04.17"]
[Round "2.3"]
[White "Drobnic, Milan"]
[Black "Cerne, Peter"]
[Result "1-0"]
[WhiteElo "1789"]
[BlackElo "1417"]
[PlyCount "105"]
[EventDate "2013.04.17"]

1. d4 d5 2. c4 c6 3. Nf3 Nf6 4. Nc3 e6 5. e3 Be7 6. Bd3 O-O 7. O-O Nbd7 8. b3
h6 9. Bb2 Qc7 10. Rc1 Re8 11. cxd5 exd5 12. Bb1 a6 13. Qc2 Qd8 14. Rfe1 Nf8 15.
Ne2 Bd6 16. Ng3 Bxg3 17. hxg3 Ng6 18. Ne5 Nf8 19. b4 Ne4 20. a4 Nd6 21. Ba3 Bf5
22. Qb3 Bxb1 23. Rxb1 f6 24. Nf3 b5 25. axb5 axb5 26. Ra1 Nc4 27. Ra2 Ra4 28.
Rea1 Nb6 29. Bc1 Re7 30. Rxa4 Nxa4 31. Ne1 Nd7 32. Nd3 Kh7 33. Nb2 Ndb6 34.
Nxa4 Nxa4 35. Qc2+ Kh8 36. Qxc6 Ra7 37. Bd2 Qd7 38. Qxd7 Rxd7 39. Rc1 Nb6 40.
Rc5 Nc4 41. Bc3 Na3 42. g4 Kg8 43. Be1 Kf7 44. f4 Ke6 45. f5+ Kd6 46. Bg3+ Ke7
47. Kf2 Kf7 48. Ke2 g6 49. Kd3 h5 50. gxh5 gxf5 51. Bf4 Ke6 52. h6 Kf7 53. Kc3
1-0

[Event "FIDE TURNIR 2013"]
[Site "Ljubljana"]
[Date "2013.04.17"]
[Round "2.4"]
[White "Novak, Anze"]
[Black "Milicevic, David"]
[Result "0-1"]
[WhiteElo "1500"]
[BlackElo "1660"]
[PlyCount "78"]
[EventDate "2013.04.17"]

1. d4 d5 2. Nf3 Nf6 3. Bf4 Bf5 4. e3 e6 5. c3 c6 6. Nbd2 Be7 7. Be2 h6 8. h3
O-O 9. O-O Nbd7 10. Ne5 Ne4 11. Nxd7 Qxd7 12. Nxe4 Bxe4 13. Bd3 Bxd3 14. Qxd3
c5 15. Qe2 Bd6 16. Bxd6 Qxd6 17. Rac1 Rac8 18. Rfe1 Rfe8 19. Kh1 a6 20. f4 cxd4
21. cxd4 Rc7 22. Rc2 Rec8 23. Rec1 Qb6 24. Rxc7 Rxc7 25. Rxc7 Qxc7 26. Qd2 Qc4
27. b3 Qf1+ 28. Kh2 h5 29. g4 hxg4 30. hxg4 Qf3 31. g5 b6 32. Qe1 Qe4 33. Qd1
Qxe3 34. Qg4 Qxd4 35. g6 Qf2+ 36. Kh3 Qe3+ 37. Kh2 Qd2+ 38. Kh1 Qc1+ 39. Kh2
Qb2+ 0-1

[Event "FIDE TURNIR 2013"]
[Site "Ljubljana"]
[Date "2013.04.17"]
[Round "2.5"]
[White "Jelen, Miha"]
[Black "Pridigar, Lovro"]
[Result "1/2-1/2"]
[WhiteElo "1544"]
[BlackElo "1558"]
[PlyCount "41"]
[EventDate "2013.04.17"]

1. d4 d6 2. Nf3 Nf6 3. c4 Nbd7 4. Nc3 c6 5. e4 e5 6. Be2 Be7 7. O-O O-O 8. Re1
Qc7 9. Rb1 b6 10. b4 a6 11. h3 Bb7 12. Be3 exd4 13. Nxd4 Rfe8 14. f3 d5 15. Nf5
dxe4 16. fxe4 c5 17. Bd3 Qe5 18. Qc2 Rad8 19. Bf2 Nf8 20. Bg3 Qe6 21. a3
1/2-1/2

[Event "FIDE TURNIR 2013"]
[Site "Ljubljana"]
[Date "2013.04.17"]
[Round "2.6"]
[White "Trcek, Alojzij"]
[Black "Sketa, Mark"]
[Result "1-0"]
[WhiteElo "1657"]
[BlackElo "1501"]
[PlyCount "75"]
[EventDate "2013.04.17"]

1. d4 Nf6 2. c4 g6 3. Nc3 Bg7 4. e4 d6 5. Nf3 O-O 6. Be2 Nbd7 7. Bf4 c5 8. d5
Nb6 9. Qd2 Nh5 10. Be3 f5 11. Bh6 fxe4 12. Nxe4 Bf5 13. Bxg7 Nxg7 14. Ng3 Bd7
15. O-O e6 16. dxe6 Bxe6 17. b3 d5 18. cxd5 Qxd5 19. Rfd1 Rad8 20. Nf1 Nf5 21.
Qc2 Qc6 22. Rac1 Rxd1 23. Rxd1 Nd5 24. a3 Nf4 25. Bc4 Nd4 26. Bxe6+ Ndxe6 27.
Ne3 Nxg2 28. Ne5 Nxe3 29. fxe3 Qc7 30. Qe4 Rd8 31. Rf1 Ng5 32. Qc4+ Kg7 33. Qc3
Ne4 34. Qa1 Kg8 35. Rf7 Qd6 36. Rf1 Nd2 37. Nf7 Qf8 38. Qh8# 1-0

[Event "FIDE TURNIR 2013"]
[Site "Ljubljana"]
[Date "2013.04.17"]
[Round "2.7"]
[White "Piciga, Aleksander"]
[Black "Ocepek, Jan"]
[Result "0-1"]
[WhiteElo "1368"]
[BlackElo "1500"]
[PlyCount "122"]
[EventDate "2013.04.17"]

1. e4 c5 2. f4 Nc6 3. Nf3 d6 4. Bb5 Bd7 5. d3 e6 6. O-O Nf6 7. Nc3 Be7 8. Qe1
O-O 9. Qg3 Kh8 10. e5 Ne8 11. Be3 g6 12. Qh3 Ng7 13. exd6 Bxd6 14. Ne4 Be7 15.
Bxc5 Bxc5+ 16. Nxc5 Qb6 17. b4 Nxb4 18. Bxd7 Qxc5+ 19. Kh1 Qxc2 20. Qh6 f6 21.
Rfd1 Nd5 22. Nd4 Qf2 23. Nxe6 Nxe6 24. Bxe6 Qxf4 25. Qxf4 Nxf4 26. Bg4 Rad8 27.
d4 Rd6 28. Bf3 b6 29. Rac1 Rfd8 30. Rc4 Nd5 31. Bxd5 Rxd5 32. Kg1 b5 33. Rc7
Rxd4 34. Rxd4 Rxd4 35. Rxa7 Kg8 36. Kf2 Ra4 37. Rxa4 bxa4 38. Ke3 Kf7 39. Kd3
g5 40. g4 Ke6 41. Ke4 h6 42. a3 f5+ 43. gxf5+ Kf6 44. Kd4 Kxf5 45. Kc4 h5 46.
Kb4 h4 47. h3 g4 48. hxg4+ Kxg4 49. Kxa4 h3 50. Kb4 h2 51. a4 h1=Q 52. a5 Qb7+
53. Kc5 Kf4 54. Kc4 Ke4 55. Kc5 Qd5+ 56. Kb6 Kd4 57. a6 Qc5+ 58. Kb7 Qb5+ 59.
Ka7 Kc5 60. Ka8 Qc6+ 61. Ka7 Qc7+ 0-1